000 00705cam a22002533a 4500
001 27441
003 PGUSA
005 20140828083607.0
008 081207s2008||||xxu|||||s|||||000 p eng d
040 _aPGUSA
_beng
042 _adc
050 4 _aPN
050 4 _aPZ
245 1 4 _aThe Children's Garland from the Best Poets
_h[electronic resource]
260 _bProject Gutenberg,
_c2008
506 _aPublic domain in the USA.
516 _aElectronic text
653 _aEnglish poetry -- Collections
653 _aChildren's poetry, English
700 1 _aPatmore, Coventry,
_d1823-1896
830 0 _aProject Gutenberg
_v27441
856 4 0 _uhttp://www.gutenberg.org/ebooks/27441
942 _cEB
999 _c256696
_d256696